Estadísticas para Comida en Español

Haz click aquí para tomar la prueba!

Estadísticas generales

  • Esta prueba ha sido tomada 2.375 veces
  • La puntuación promedio es 23 de 32

Estadísticas de respuestas

HintAnswer% Correcto
naranjaorange
98%
lechemilk
96%
panbread
94%
sopasoup
92%
quesocheese
92%
pescadofish
91%
heladoice cream
91%
perro calientehot dog
90%
manzanaapple
90%
pollochicken
89%
cervezabeer
86%
vinowine
86%
juevoseggs
86%
arrozrice
86%
hamburgesahamburger
83%
carnemeat
80%
fresastrawberry
77%
uvasgrapes
77%
papaspotatoes
70%
patoduck
69%
jugo de piñapineapple juice
65%
sandiawatermelon
63%
zumojuice
58%
bistecsteak
57%
papas fritasfrench fries
53%
pavoturkey
50%
cerezascherries
49%
camaronesshrimp
46%
melocotonpeach
35%
frambuesaraspberry
31%
guisadostew
10%
chuletapork chop
9%

Distribución de puntuación

Porcentaje por número respondido

Porcentaje de gente con cada puntuación

Historial de tus puntuaciones

No has tomado esta prueba